<?xml version="1.0" encoding="UTF-8"?>
<record
    xmlns:xsi="http://www.w3.org/2001/XMLSchema-instance"
    xsi:schemaLocation="http://www.loc.gov/MARC21/slim http://www.loc.gov/standards/marcxml/schema/MARC21slim.xsd"
    xmlns="http://www.loc.gov/MARC21/slim">

  <leader>00734nam a22001817a 4500</leader>
  <controlfield tag="003">UA-OsUOA</controlfield>
  <controlfield tag="001"> 14499 </controlfield>
  <controlfield tag="007">ta</controlfield>
  <controlfield tag="008">20031006b un ||||| |||| 00| 0 ukr d</controlfield>
  <datafield tag="100" ind1=" " ind2=" ">
    <subfield code="a">&#x41F;&#x43E;&#x433;&#x43E;&#x43D;&#x441;&#x44C;&#x43A;&#x430; &#x412;.</subfield>
  </datafield>
  <datafield tag="942" ind1=" " ind2=" ">
    <subfield code="c">SA</subfield>
  </datafield>
  <datafield tag="040" ind1=" " ind2=" ">
    <subfield code="a">UA-OsUOA</subfield>
    <subfield code="c">UA-OsUOA</subfield>
    <subfield code="d">UA-OsUOA</subfield>
  </datafield>
  <datafield tag="245" ind1=" " ind2=" ">
    <subfield code="a">&#x41F;&#x43E;- &#x433;&#x43E;&#x441;&#x43F;&#x43E;&#x434;&#x430;&#x440;&#x441;&#x44C;&#x43A;&#x438; &#x442;&#x430; &#x437; &#x43B;&#x44E;&#x431;&#x43E;&#x432;'&#x44E; &#x43E;&#x431;&#x43B;&#x430;&#x448;&#x442;&#x43E;&#x432;&#x443;&#x454; &#x440;&#x438;&#x43D;&#x43E;&#x43A; "&#x414;&#x443;&#x431;&#x435;&#x43D;&#x441;&#x44C;&#x43A;&#x438;&#x439;" &#x43F;&#x456;&#x434;&#x43F;&#x440;&#x438;&#x454;&#x43C;&#x435;&#x446;&#x44C; &#x412;&#x456;&#x442;&#x430;&#x43B;&#x456;&#x439; &#x421;&#x430;&#x43C;&#x441;&#x43E;&#x43D;, &#x43F;&#x440;&#x430;&#x433;&#x43D;&#x443;&#x447;&#x438; &#x437;&#x440;&#x43E;&#x431;&#x438;&#x442;&#x438; &#x439;&#x43E;&#x433;&#x43E; &#x43D;&#x430;&#x439;&#x43A;&#x440;&#x430;&#x449;&#x438;&#x43C; &#x443; &#x43C;&#x456;&#x441;&#x442;&#x456; [ &#x420;&#x456;&#x432;&#x43D;&#x43E;&#x43C;&#x443;] &#x442;&#x430; &#x432; &#x423;&#x43A;&#x440;&#x430;&#x457;&#x43D;&#x456;</subfield>
  </datafield>
  <datafield tag="300" ind1=" " ind2=" ">
    <subfield code="a">&#x421;.5</subfield>
  </datafield>
  <datafield tag="955" ind1=" " ind2=" ">
    <subfield code="a">0</subfield>
  </datafield>
  <datafield tag="773" ind1="0" ind2=" ">
    <subfield code="w">0</subfield>
    <subfield code="t">&#x421;&#x456;&#x43C; &#x434;&#x43D;&#x456;&#x432;</subfield>
    <subfield code="d">&#x420;&#x456;&#x432;&#x43D;&#x435;</subfield>
    <subfield code="d">2003</subfield>
    <subfield code="g">&#x2116;30/ 25 &#x43B;&#x438;&#x43F;./</subfield>
  </datafield>
  <datafield tag="650" ind1=" " ind2="7">
    <subfield code="a">&#x41A;&#x440;&#x430;&#x454;&#x437;&#x43D;&#x430;&#x432;&#x447;&#x430; &#x440;&#x43E;&#x431;&#x43E;&#x442;&#x430;</subfield>
    <subfield code="2">UDC</subfield>
  </datafield>
  <datafield tag="999" ind1=" " ind2=" ">
    <subfield code="c">300660</subfield>
    <subfield code="d">300660</subfield>
  </datafield>
</record>
